000 00770nam a2200145Ia 4500
008 171212s9999 xx 000 0 und d
020 _a9781920942403
100 _aTaylor, John;Scambary, B.
245 _cTaylor, John;Scambary, B.
_aIndigenous People and the Pilbara Mining Boom
_bA baseline for regional participation
260 _bANU E Press
_c2005
440 _aCentre for Aboriginal Economic Policy Research (CAEPR)
650 _aAboriginal Australians -- Western Australia -- Pilbara -- Economic conditions; Community development -- Western Australia -- Pilbara; Sustainable development -- Western Australia -- Pilbara; Mineral industries -- Western Australia -- Pilbara; Pilbara (W.A
650 _aSociology
856 _uwww.jstor.org/stable/10.2307/j.ctt2jbk1x
999 _c351159
_d351159